Every QB in NFL history with 100 passing touchdowns - Statistics

General Stats
  • This quiz has been taken 407 times
  • The average score is 61 of 141
Answer Stats
Hint Answer % Correct
610 Tom Brady
99%
571 Drew Brees
95%
366 Eli Manning
94%
539 Peyton Manning
94%
433 Aaron Rodgers
93%
125 Archie Manning
93%
139 Patrick Mahomes
91%
508 Brett Favre
90%
273 Joe Montana
89%
420 Dan Marino
86%
421 Philip Rivers
84%
277 Russell Wilson
83%
232 Steve Young
82%
409 Ben Roethlisberger
80%
362 Matt Ryan
79%
149 Frank Ryan
78%
306 Matthew Stafford
78%
199 Alex Smith
76%
300 John Elway
71%
208 Kurt Warner
71%
227 Joe Flacco
70%
212 Terry Bradshaw
70%
211 Kirk Cousins
69%
152 Bart Starr
67%
117 Jared Goff
67%
187 Derek Carr
66%
234 Donovan McNabb
66%
251 Drew Bledsoe
66%
248 Tony Romo
66%
291 Warren Moon
66%
294 Carson Palmer
65%
290 Johnny Unitas
65%
133 Michael Vick
65%
165 Troy Aikman
64%
171 Andrew Luck
63%
193 Cam Newton
63%
222 Andy Dalton
61%
342 Fran Tarkenton
61%
237 Jim Kelly
61%
173 Joe Namath
61%
166 Brad Johnson
60%
170 Charley Johnson
60%
128 Dak Prescott
60%
227 Jay Cutler
60%
124 Bert Jones
59%
104 Deshaun Watson
59%
153 Roger Staubach
59%
131 Carson Wentz
58%
135 Jameis Winston
58%
191 Ryan Tannehill
56%
174 Steve McNair
56%
223 Ryan Fitzpatrick
53%
275 Vinny Testaverde
52%
149 Daunte Culpepper
51%
160 Joe Theismann
50%
207 Randall Cunningham
50%
254 Dan Fouts
49%
212 Matt Hasselbeck
49%
174 Otto Graham
47%
199 Phil Simms
47%
247 Boomer Esiason
46%
100 Doug Williams
46%
136 Matt Schaub
45%
180 Rich Gannon
45%
197 Ken Anderson
44%
135 Bobby Herbert
43%
239 Len Dawson
42%
162 Trent Green
42%
103 Blake Bortles
41%
194 Ken Stabler
41%
119 | 192 Bob Griese
40%
184 Mark Brunell
39%
187 Sammy Baugh
38%
155 Danny White
36%
100 Jim McMahon
36%
126 Jack Delhomme
35%
164 Jim Plunkett
34%
208 Kerry Collins
34%
161 Jeff Garcia
33%
113 Trent Dilfer
33%
242 Y.A. Tittle
33%
102 Chad Pennington
32%
173 Norm Van Brocklin
32%
122 Mit Plum
31%
103 Sam Bradford
31%
161 Jake Plummer
30%
124 Bernie Kosar
29%
261 Dave Krieg
29%
129 Jim Harbaugh
29%
203 Jim Everett
28%
102 Ed Brown
27%
209 Jim Hart
27%
255 Sonny Jurgensen
27%
154 Brian Sipe
26%
115 Mark Rypien
26%
179 Ron Jaworski
26%
154 Jeff George
25%
169 Jon Kitna
25%
236 George Blanda
24%
122 Mark Bulger
24%
137 Sid Luckman
24%
120 Neil O'Donnell
21%
196 Bobby Layne
20%
170 Chris Chandler
20%
164 Daryle Lamonica
20%
161 Earl Morrall
20%
111 Jim Zorn
20%
214 John Brodie
20%
182 Steve Grogan
20%
183 Craig Morton
19%
244 John Hadl
19%
159 Tommy Kramer
19%
123 Aaron Brooks
18%
128 Ken O'Brien
18%
101 Kyle Orton
18%
104 Matt Cassel
18%
136 Neil Lomax
18%
201 Roman Gabriel
18%
156 Steve Bartkowski
18%
147 Steve Beuerlein
18%
123 Chris Miller
15%
103 Dan Pastorini
15%
196 Joe Ferguson
15%
196 Steve DeBerg
15%
135 Don Meredith
14%
141 Lynn Dickey
14%
114 Jack Kemp
13%
134 Jeff Blake
13%
152 Billy Kilmer
10%
196 Norm Snead
10%
124 Richard Todd
10%
114 Gus Frerotte
9%
114 Jay Schroeder
9%
178 Babe Parilli
8%
105 Bill Kenney
8%
148 Tobin Rote
6%
173 Charlie Conerly
5%
124 Billy Wade
4%
104 Eddie LeBaron
2%
115 Frankie Albert
1%
No matching quizzes found
Score Distribution
Percent of People with Each Score
Percentile by Number Answered
Your Score History
You have not taken this quiz